Экономическая теория: учебное пособие

Bibliographic Details
Main Author: Елецкий Н. Д. Николай Дмитриевич
Other Authors: Корниенко О. В. Олег Васильевич
Summary:Исключено из фонда НТБ ТПУ
Language:Russian
Published: Ростов-на-Дону, МарТ, 2002
Series:Учебный курс
Format: Book
KOHA link:https://koha.lib.tpu.ru/cgi-bin/koha/opac-detail.pl?biblionumber=44946

MARC

LEADER 00000nam0a2200000 4500
001 44946
005 20231031023219.0
010 |a 5241000933 
035 |a (RuTPU)RU\TPU\book\46692 
090 |a 44946 
100 |a 20021127d2002 m y0rusy50 ca 
101 0 |a rus 
102 |a RU 
105 |a a j 000zy 
200 1 |a Экономическая теория  |e учебное пособие  |f Н. Д. Елецкий, О. В. Корниенко 
210 |a Ростов-на-Дону  |c МарТ  |d 2002 
215 |a 400 с.  |c ил. 
225 1 |a Учебный курс 
333 |a Исключено из фонда НТБ ТПУ 
686 |a У011я73  |v LBC/SL-A  |2 rubbk 
700 1 |a Елецкий  |b Н. Д.  |g Николай Дмитриевич 
701 1 |a Корниенко  |b О. В.  |g Олег Васильевич 
801 1 |a RU  |b 63413507  |c 20021127  |g PSBO 
801 2 |a RU  |b 63413507  |c 20221205  |g PSBO 
942 |c BK